Представление документа в формате RUSMARC

ПолеНазваниеЗначение
  Тип записи a
  Библиографический уровень m
001 Контрольный номер Book/3115
005 Дата корректировки 20260424111133.7
010 Индекс ISBN __
a ISBN 978-5-699-27583-0
b Уточнения в пер.
d Цена 42 р. 00 к.
9 Тираж 3 000 экз.
090 Данные записи __
b Тип записи Книги
c Язык записи Русский
d Отрасль знаний (КСУ) Другая
e Секретность Несекретно
g Вид записи Монография (однотомник)
100 Данные общей обработки __
a Данные общей обработки 20091202d2013 u u 1rusy ||||ca
101 Язык документа 0_
a Язык текста rus
105 Кодированные данные (монография) __
a Кодированные данные (монография) a z 000yy
200 Заглавие и сведения об ответственности 1_
a Заглавие Науки о Земле без тайн
b Общее обозначение материала Текст
e Сведения, относящиеся к заглавию путеводитель
e Сведения, относящиеся к заглавию пер. с англ.
f Первые сведения об ответственности Л. Уильямс
210 Выходные данные 1_
a Место издания Москва
c Издательство ЭКСМО
d Дата издания 2009
215 Физическое описание __
a Объем 430, [1] с.
225 Серия 1_
a Серия Без тайн
300 Общие примечания __
a Общие примечания 12+
606 Тематические рубрики 0_
a Основная рубрика Науки о Земле
610 Ключевые слова 0_
a Ключевые слова науки о Земле
a Ключевые слова планета Земля
a Ключевые слова минералы
a Ключевые слова породы горные
a Ключевые слова вулканы
a Ключевые слова землетрясения
a Ключевые слова океаны
a Ключевые слова атмосферы
a Ключевые слова путеводители
a Ключевые слова тесты
a Ключевые слова ответы
686 Индексы других классификаций __
a Классификационный индекс 26
2 Код системы rubbk
700 Автор _1
a Фамилия Уильямс
b Имя (инициалы) Л.
g Полное личное имя Линда
801 Источник записи _0
a Страна RU
b Организация МБУК ЦБС г. Ульяновска
c Дата составления 20091202
801 Источник записи _1
a Страна RU
b Организация МБУК ЦБС г. Ульяновска
c Дата составления 20091202
801 Источник записи _2
a Страна RU
b Организация МБУК ЦБС г. Ульяновска
c Дата составления 20091202
852 Данные о местонахождении __
i Авторский знак У 36
j Шифр хранения 26
900 Электронные ресурсы __
a Имя электронного ресурса наук о
901 Тип документа __
t Тип документа m